000 00483nam a2200229Ia 4500
003 0100
008 130303s9999 xx 000 0 und d
040 _cARRUPELIB
050 _aB1649.P64M33 1985
100 _aMagee, Bryan
245 _aPopper
250 _a(3rd) edition
260 _aLondon
260 _bFontana Press
260 _C1985
300 _a110p.
300 _b 20cm.
650 _bIrreligion
650 _cAtheism
650 _dGod
942 _2lcc
_04
999 _c64178
_d64178